| 000 | 00342nam a2200133Ia 4500 | ||
|---|---|---|---|
| 008 | 240624s9999 xx 000 0 und d | ||
| 041 | _aeng | ||
| 082 | _a519.5 DOD | ||
| 100 | _aDODGE YADOLAH | ||
| 245 | _aCONCISE ENCYCLOPEDIA OF STATISTICS | ||
| 260 |
_c2008 _aLondon _bSpringer |
||
| 300 | _aviii, : 616 : p. : cm. ; 23 | ||
| 365 |
_cERU _b30 |
||
| 999 |
_c24297 _d24297 |
||